000 01154nam a2200301 a 4500
001 BRCA_6433
005 20190320205442.0
008 210911s1900----gw-#######---#000-0#eng-#
041 _aeng
044 _agw
050 4 _aPZ3
_b.B75 6 1900
100 1 _aKipling, Rudyard
_d1865-1936
_916069
245 1 0 _aFrom sea to sea
_cby Rudyard Kipling.
260 _aLeipzig, Alemania
_bBernhard Tauchnitz
_c1900
300 _a320 p. (v.1)
_c17 cm.
440 0 _aCollection of British authors. Tauchnitz edition
_vv. 3430
_916070
500 _aContiene al final: lista completa de la Colección de Autores Británicos y Estadounidenses, 32 p.
500 _aEdición de 2 v., la biblioteca solo cuenta con el v.1
500 _aEn la cubierta: Collection of British and American authors
500 _aVer también CEF6, H144, L2, L15, L16, L17, L19, L20, L22, L23, L24, L25, L26, L27, L32, L166, N9, N11, N12, N13 y N17
500 _aL18
650 1 4 _aViajes y travesías
_94701
650 1 4 _aLiteratura inglesa
_916071
650 1 4 _aViajes ingleses
_916072
651 4 _aEstados Unidos
_xDescripción y viajes
_916073
902 _aGFM
942 _2lcc
_cB
999 _c6117
_d6117